[Event "EYCC 2024 - O16"]
[Site "?"]
[Date "2024.08.24"]
[Round "3.7"]
[White "Tsarsitalidis, Christos"]
[Black "Perea Fruet, Lorenzo"]
[Result "0-1"]
[BlackElo "2373"]
[WhiteElo "2210"]
[LiveChessVersion "1.4.8"]

1. e4 {[%clk 1:28:38]} e5 {[%clk 1:30:52]} 2. Nf3 {[%clk 1:29:03]} Nc6
{[%clk 1:31:18]} 3. Bb5 {[%clk 1:29:24]} a6 {[%clk 1:30:56]} 4. Ba4
{[%clk 1:29:49]} g6 {[%clk 1:31:22]} 5. c3 {[%clk 1:30:11]} d6 {[%clk 1:31:43]}
6. d4 {[%clk 1:30:33]} Bd7 {[%clk 1:32:09]} 7. d5 {[%clk 1:28:45]} Nce7
{[%clk 1:32:28]} 8. c4 {[%clk 1:28:18]} Bg7 {[%clk 1:32:06]} 9. Nc3
{[%clk 1:27:11]} h6 {[%clk 1:31:36]} 10. Be3 {[%clk 1:23:26]} f5 {[%clk 1:27:47]}
11. exf5 {[%clk 1:10:21]} gxf5 {[%clk 1:25:09]} 12. Qc2 {[%clk 0:53:19]} Nf6
{[%clk 1:19:45]} 13. Nh4 {[%clk 0:51:04]} O-O {[%clk 1:16:49]} 14. Bxd7
{[%clk 0:44:25]} Qxd7 {[%clk 1:15:30]} 15. O-O {[%clk 0:23:51]} b5
{[%clk 1:11:27]} 16. b3 {[%clk 0:24:03]} Kh8 {[%clk 1:06:26]} 17. Rae1
{[%clk 0:22:52]} Rab8 {[%clk 1:04:21]} 18. f4 {[%clk 0:18:06]} e4
{[%clk 1:02:50]} 19. Ne2 {[%clk 0:17:42]} bxc4 {[%clk 0:59:45]} 20. bxc4
{[%clk 0:17:57]} c5 {[%clk 0:59:12]} 21. dxc6 {[%clk 0:17:43]} Qxc6
{[%clk 0:59:28]} 22. Nd4 {[%clk 0:14:52]} Qd7 {[%clk 0:58:52]} 23. Nb3
{[%clk 0:01:23]} Rfc8 {[%clk 0:55:11]} 24. Bd4 {[%clk 0:01:31]} Qe6
{[%clk 0:52:46]} 25. Rc1 {[%clk 0:01:12]} Rb4 {[%clk 0:49:46]} 26. c5
{[%clk 0:00:39]} dxc5 {[%clk 0:47:35]} 27. Bxc5 {[%clk 0:00:52]} Nfd5
{[%clk 0:47:27]} 28. Qe2 {[%clk 0:00:35]} Rxb3 {[%clk 0:46:19]} 29. axb3
{[%clk 0:00:35]} Rxc5 {[%clk 0:46:38]} 30. Rxc5 {[%clk 0:00:50]} Bd4+
{[%clk 0:47:03]} 31. Kh1 {[%clk 0:01:07]} Bxc5 {[%clk 0:47:26]} 32. Qh5
{[%clk 0:00:33]} Kg7 {[%clk 0:44:41]} 33. Qe2 {[%clk 0:00:32]} Nc3
{[%clk 0:40:34]} 34. Qd2 {[%clk 0:00:42]} Qf6 {[%clk 0:39:49]} 35. g3
{[%clk 0:00:34]} e3 {[%clk 0:39:33]} 36. Qd7 {[%clk 0:00:31]} e2 {[%clk 0:37:27]}
37. Re1 {[%clk 0:00:49]} Qc6+ {[%clk 0:36:10]} 38. Qxc6 Nxc6 {[%clk 0:36:39]} 39.
Nxf5+ {[%clk 0:00:47]} Kh7 {[%clk 0:35:09]} 40. Kg2 {[%clk 0:00:54]} Nb4
{[%clk 0:35:32]} 41. Kf3 {[%clk 0:00:47]} Nd3 {[%clk 0:35:55]} 42. Rxe2
{[%clk 0:01:12]} Nxe2 {[%clk 0:36:22]} 43. Kxe2 {[%clk 0:01:36]} Nc1+
{[%clk 0:36:50]} 44. Kd2 {[%clk 0:01:53]} Nxb3+ {[%clk 0:37:14]} 45. Kc3
{[%clk 0:02:13]} Na5 {[%clk 0:36:27]} 46. Nh4 {[%clk 0:02:38]} Nc6
{[%clk 0:36:11]} 47. Kc4 {[%clk 0:02:49]} Bf2 {[%clk 0:36:15]} 48. Nf3
{[%clk 0:02:23]} Ne7 {[%clk 0:35:31]} 49. g4 {[%clk 0:01:39]} Kg7
{[%clk 0:33:52]} 50. h4 {[%clk 0:00:33]} Ng6 {[%clk 0:28:40]} 51. h5
{[%clk 0:00:54]} Nxf4 {[%clk 0:29:05]} 52. g5 {[%clk 0:01:20]} Ne6
{[%clk 0:27:29]} 53. gxh6+ {[%clk 0:01:45]} Kxh6 {[%clk 0:27:57]} 54. Kd5
{[%clk 0:01:00]} Nf4+ {[%clk 0:27:58]} 55. Kc4 {[%clk 0:00:40]} Kxh5
{[%clk 0:27:20]} 56. Ne5 {[%clk 0:00:57]} Kg5 {[%clk 0:25:00]} 57. Kb4
{[%clk 0:00:45]} Kf5 {[%clk 0:23:05]} 58. Nd7 {[%clk 0:00:42]} Be1+
{[%clk 0:22:36]} 59. Kc5 {[%clk 0:00:45]} Nd3+ {[%clk 0:18:53]} 60. Kb6
{[%clk 0:00:56]} a5 {[%clk 0:19:19]} 61. Kb5 {[%clk 0:00:51]} Nb2
{[%clk 0:19:17]} 62. Nc5 {[%clk 0:00:33]} Ke5 {[%clk 0:18:39]} 63. Nd7+
{[%clk 0:00:32]} Kd4 {[%clk 0:17:59]} 64. Nb6 {[%clk 0:00:45]} Bc3
{[%clk 0:17:51]} 65. Kc6 {[%clk 0:00:51]} a4 {[%clk 0:18:12]} 66. Nxa4
{[%clk 0:01:15]} Nxa4 {[%clk 0:18:39]} 67. Kb5 {[%clk 0:01:37]} Nc5
{[%clk 0:18:58]} 68. Kb6 {[%clk 0:01:55]} Kd5 {[%clk 0:19:07]} 69. Kb5
{[%clk 0:01:05]} Nd7 {[%clk 0:19:33]} 70. Ka6 {[%clk 0:01:00]} Kc6
{[%clk 0:19:59]} 71. Ka7 {[%clk 0:01:27]} Nb6 {[%clk 0:20:26]} 72. Kb8
{[%clk 0:01:41]} Be5+ {[%clk 0:20:52]} 73. Ka7 {[%clk 0:02:06]} Bh2
{[%clk 0:21:19]} 74. Ka6 {[%clk 0:02:30]} Bb8 {[%clk 0:21:45]} 75. Ka5
{[%clk 0:02:55]} Nd5 {[%clk 0:22:11]} 76. Ka4 {[%clk 0:02:54]} Kc5
{[%clk 0:22:34]} 77. Kb3 {[%clk 0:03:18]} Nb4 {[%clk 0:23:00]} 78. Kc3
{[%clk 0:03:34]} Bf4 {[%clk 0:23:26]} 79. Kb3 {[%clk 0:03:57]} Bd2
{[%clk 0:23:43]} 80. Ka4 {[%clk 0:04:22]} Kc4 {[%clk 0:24:10]} 81. Ka5
{[%clk 0:04:44]} Be3 {[%clk 0:24:39]} 82. Ka4 {[%clk 0:05:07]} Bb6
{[%clk 0:25:05]} 83. Ka3 {[%clk 0:05:33]} Nd3 {[%clk 0:25:31]} 84. Ka4
{[%clk 0:05:44]} Nb2+ {[%clk 0:25:57]} 85. Ka3 {[%clk 0:06:11]} Kc3
{[%clk 0:26:26]} 86. Ka2 {[%clk 0:06:37]} Kc2 {[%clk 0:26:52]} 87. Ka3
{[%clk 0:07:01]} Bc5+ {[%clk 0:27:19]} 88. Ka2 {[%clk 0:07:27]} Nd3
{[%clk 0:27:34]} 89. Ka1 {[%clk 0:07:48]} Bd6 {[%clk 0:28:00]} 0-1

[Event "EYCC 2024 - O16"]
[Site "?"]
[Date "2024.08.24"]
[Round "3.8"]
[White "Kuhn, Clement"]
[Black "Fiskaaen, Martin Holten"]
[Result "1-0"]
[BlackElo "2225"]
[WhiteElo "2344"]
[LiveChessVersion "1.4.8"]

1. e4 {[%clk 1:30:46]} c5 {[%clk 1:30:53]} 2. Nf3 {[%clk 1:31:00]} d6
{[%clk 1:31:16]} 3. Bb5+ {[%clk 1:31:02]} Nd7 {[%clk 1:31:30]} 4. a4
{[%clk 1:31:19]} Ngf6 {[%clk 1:30:52]} 5. Nc3 {[%clk 1:31:43]} e6
{[%clk 1:29:03]} 6. O-O {[%clk 1:32:04]} Be7 {[%clk 1:28:21]} 7. d4
{[%clk 1:27:50]} cxd4 {[%clk 1:27:46]} 8. Qxd4 {[%clk 1:28:14]} O-O
{[%clk 1:26:53]} 9. a5 {[%clk 1:19:31]} a6 {[%clk 1:22:54]} 10. Be2
{[%clk 1:18:59]} Qc7 {[%clk 1:20:32]} 11. Rd1 {[%clk 1:18:30]} e5
{[%clk 1:08:15]} 12. Qc4 {[%clk 1:06:13]} Qxc4 {[%clk 1:05:41]} 13. Bxc4
{[%clk 1:06:38]} b5 {[%clk 1:04:48]} 14. axb6 {[%clk 1:06:33]} Nxb6
{[%clk 1:05:07]} 15. Bb3 {[%clk 1:02:15]} Bb7 {[%clk 1:00:55]} 16. Be3
{[%clk 0:59:56]} Nbd7 {[%clk 0:57:46]} 17. Nd2 {[%clk 0:57:37]} Rfd8
{[%clk 0:41:21]} 18. f3 {[%clk 0:52:04]} Rac8 {[%clk 0:40:02]} 19. Nc4
{[%clk 0:44:16]} Nc5 {[%clk 0:39:48]} 20. Ba2 {[%clk 0:44:32]} Kf8
{[%clk 0:37:54]} 21. Rd2 {[%clk 0:43:19]} Ne6 {[%clk 0:30:54]} 22. Bb6
{[%clk 0:39:43]} Rd7 {[%clk 0:30:44]} 23. Rad1 {[%clk 0:38:32]} Rc6
{[%clk 0:27:45]} 24. Be3 {[%clk 0:35:25]} Rcc7 {[%clk 0:16:26]} 25. Kf1
{[%clk 0:31:39]} Bc6 {[%clk 0:09:09]} 26. Nxd6 {[%clk 0:30:55]} Bxd6
{[%clk 0:08:04]} 27. Rxd6 {[%clk 0:30:43]} Rxd6 {[%clk 0:08:19]} 28. Rxd6
{[%clk 0:31:11]} Ke7 {[%clk 0:08:39]} 29. Rd2 {[%clk 0:30:39]} Rb7
{[%clk 0:08:39]} 30. Nd5+ {[%clk 0:30:12]} Ke8 {[%clk 0:07:55]} 31. Nxf6+
{[%clk 0:28:16]} gxf6 {[%clk 0:08:23]} 32. c3 {[%clk 0:26:57]} Ke7
{[%clk 0:07:22]} 33. Bd5 {[%clk 0:26:30]} Rc7 {[%clk 0:06:06]} 34. c4
{[%clk 0:26:18]} Ba4 {[%clk 0:03:25]} 35. b4 {[%clk 0:25:11]} Bb3
{[%clk 0:03:06]} 36. c5 {[%clk 0:25:31]} Ba4 {[%clk 0:03:28]} 37. Kf2
{[%clk 0:19:51]} Bb5 {[%clk 0:03:18]} 38. g3 {[%clk 0:19:42]} Nd8
{[%clk 0:02:36]} 39. Rd1 {[%clk 0:20:03]} Nc6 {[%clk 0:02:44]} 40. Bd2
{[%clk 0:20:28]} Rc8 {[%clk 0:02:13]} 41. Bc3 {[%clk 0:20:53]} Rd8
{[%clk 0:01:19]} 42. Rd2 {[%clk 0:21:09]} Rb8 {[%clk 0:00:36]} 43. Ke3
{[%clk 0:21:16]} Rg8 {[%clk 0:00:37]} 44. Rf2 {[%clk 0:19:38]} Rg7
{[%clk 0:00:32]} 45. Ba2 {[%clk 0:19:06]} Rg8 {[%clk 0:00:38]} 46. f4
{[%clk 0:19:26]} Rd8 {[%clk 0:00:31]} 47. Bd5 {[%clk 0:19:50]} Rd7
{[%clk 0:00:31]} 48. fxe5 {[%clk 0:20:12]} f5 {[%clk 0:00:32]} 49. Rxf5
{[%clk 0:20:29]} Nd8 {[%clk 0:00:55]} 50. Rh5 {[%clk 0:20:45]} Bc6
{[%clk 0:00:43]} 51. Bxc6 {[%clk 0:20:59]} Nxc6 {[%clk 0:01:12]} 52. Rxh7
{[%clk 0:20:51]} Rd1 {[%clk 0:01:32]} 53. Rh6 {[%clk 0:21:09]} 1-0

[Event "EYCC 2024 - O16"]
[Site "?"]
[Date "2024.08.24"]
[Round "3.9"]
[White "Erten, Kerem"]
[Black "Perossa, Nicolas"]
[Result "1/2-1/2"]
[BlackElo "2187"]
[WhiteElo "2331"]
[LiveChessVersion "1.4.8"]

1. e4 {[%clk 1:30:42]} e5 {[%clk 1:30:49]} 2. Nf3 {[%clk 1:30:45]} Nc6
{[%clk 1:31:11]} 3. Nc3 {[%clk 1:30:44]} Nf6 {[%clk 1:31:32]} 4. h3
{[%clk 1:29:55]} d5 {[%clk 1:29:41]} 5. exd5 {[%clk 1:29:55]} Nxd5
{[%clk 1:29:58]} 6. Bb5 {[%clk 1:30:20]} Nxc3 {[%clk 1:30:22]} 7. bxc3
{[%clk 1:30:45]} Bd6 {[%clk 1:30:44]} 8. d4 {[%clk 1:28:05]} exd4
{[%clk 1:30:46]} 9. O-O {[%clk 1:28:12]} O-O {[%clk 1:31:13]} 10. cxd4
{[%clk 1:28:15]} Qf6 {[%clk 1:28:22]} 11. Bd3 {[%clk 1:23:13]} Bf5
{[%clk 1:18:41]} 12. Bg5 {[%clk 1:18:56]} Qg6 {[%clk 1:17:31]} 13. Nh4
{[%clk 1:17:54]} Qxg5 {[%clk 1:17:53]} 14. Nxf5 {[%clk 1:18:19]} Rad8
{[%clk 1:01:50]} 15. Rb1 {[%clk 1:13:06]} b6 {[%clk 0:52:34]} 16. Rb5
{[%clk 0:57:46]} Qf6 {[%clk 0:47:15]} 17. c3 {[%clk 0:55:06]} a6 {[%clk 0:35:02]}
18. Rb1 {[%clk 0:46:35]} b5 {[%clk 0:31:36]} 19. a4 {[%clk 0:39:14]} b4
{[%clk 0:29:38]} 20. Qf3 {[%clk 0:37:21]} g6 {[%clk 0:11:47]} 21. Qxc6
{[%clk 0:34:28]} gxf5 {[%clk 0:12:11]} 22. Qxa6 {[%clk 0:32:30]} Ra8
{[%clk 0:07:24]} 23. Qc4 {[%clk 0:30:06]} Rxa4 {[%clk 0:07:23]} 24. Bc2
{[%clk 0:25:53]} Ra3 {[%clk 0:07:26]} 25. cxb4 {[%clk 0:25:54]} Qg5
{[%clk 0:02:31]} 26. Rb3 {[%clk 0:20:53]} Rxb3 {[%clk 0:02:49]} 27. Qxb3
{[%clk 0:15:53]} h5 {[%clk 0:02:00]} 28. b5 {[%clk 0:14:25]} h4 {[%clk 0:01:48]}
29. Qf3 {[%clk 0:13:38]} Qf4 {[%clk 0:00:47]} 30. Qxf4 {[%clk 0:14:03]} Bxf4
{[%clk 0:01:15]} 31. Bxf5 {[%clk 0:14:16]} Rb8 {[%clk 0:00:40]} 32. Bd3
{[%clk 0:13:32]} Rd8 {[%clk 0:00:45]} 33. Rd1 {[%clk 0:13:57]} Kg7
{[%clk 0:00:50]} 34. Be4 {[%clk 0:09:09]} f5 {[%clk 0:00:42]} 35. Bxf5
{[%clk 0:07:37]} Rd5 {[%clk 0:01:07]} 36. Bd3 {[%clk 0:07:24]} Rxd4
{[%clk 0:01:30]} 37. Kf1 {[%clk 0:07:20]} Bd6 {[%clk 0:01:01]} 38. Ke2
{[%clk 0:06:47]} Kf6 {[%clk 0:00:54]} 39. Rc1 {[%clk 0:05:07]} Rb4
{[%clk 0:00:34]} 40. Rc2 {[%clk 0:03:54]} Kg5 {[%clk 0:00:42]} 41. Ke3
{[%clk 0:03:44]} Rf4 {[%clk 0:00:41]} 42. Be4 {[%clk 0:02:02]} Rf6
{[%clk 0:00:38]} 43. Rc4 {[%clk 0:02:00]} Bf4+ {[%clk 0:00:43]} 44. Ke2
{[%clk 0:01:56]} Bd6 {[%clk 0:01:12]} 45. Ra4 {[%clk 0:00:57]} Rf8
{[%clk 0:01:00]} 46. Bf3 {[%clk 0:00:50]} Rf4 {[%clk 0:01:24]} 47. Ra5
{[%clk 0:00:46]} Rf5 {[%clk 0:01:03]} 48. Be4 {[%clk 0:00:45]} Rc5
{[%clk 0:00:43]} 49. Bd3 {[%clk 0:00:37]} Re5+ {[%clk 0:00:50]} 50. Kf3
{[%clk 0:00:51]} Rd5 {[%clk 0:01:04]} 51. Be4 {[%clk 0:00:37]} Rc5
{[%clk 0:01:26]} 52. Bd3 {[%clk 0:00:34]} Rd5 {[%clk 0:01:49]} 53. Be4
{[%clk 0:00:35]} Rc5 {[%clk 0:02:17]} 54. Bc6 {[%clk 0:00:39]} Rf5+
{[%clk 0:02:30]} 55. Ke2 {[%clk 0:00:37]} Bc5 {[%clk 0:02:31]} 56. Bf3
{[%clk 0:01:02]} Re5+ {[%clk 0:02:52]} 57. Kf1 {[%clk 0:00:58]} Bb4
{[%clk 0:02:43]} 58. Ra1 {[%clk 0:01:14]} Rxb5 {[%clk 0:03:06]} 59. g3
{[%clk 0:01:17]} Bd6 {[%clk 0:03:08]} 60. Be2 {[%clk 0:00:35]} Rf5
{[%clk 0:02:25]} 61. Kg2 {[%clk 0:00:49]} Rc5 {[%clk 0:01:07]} 62. Ra2
{[%clk 0:00:36]} Rc3 {[%clk 0:01:03]} 63. Ra4 {[%clk 0:00:39]} hxg3
{[%clk 0:01:22]} 64. Rg4+ {[%clk 0:01:06]} Kh6 {[%clk 0:01:45]} 65. fxg3
{[%clk 0:01:18]} Rxg3+ {[%clk 0:02:08]} 66. Rxg3 {[%clk 0:01:45]} Bxg3
{[%clk 0:02:33]} 67. Kxg3 {[%clk 0:02:13]} 1/2-1/2

[Event "EYCC 2024 - O16"]
[Site "?"]
[Date "2024.08.24"]
[Round "3.10"]
[White "Hajialiyev, Islam"]
[Black "Podolskyi, Mykhailo"]
[Result "1-0"]
[BlackElo "2329"]
[WhiteElo "2173"]
[LiveChessVersion "1.4.8"]

1. Nf3 {[%clk 1:30:59]} d5 {[%clk 1:30:34]} 2. g3 {[%clk 1:31:24]} c6
{[%clk 1:30:09]} 3. Bg2 {[%clk 1:31:46]} Bf5 {[%clk 1:29:49]} 4. d4
{[%clk 1:31:59]} e6 {[%clk 1:26:42]} 5. O-O {[%clk 1:31:34]} h6 {[%clk 1:24:08]}
6. c4 {[%clk 1:31:01]} Nd7 {[%clk 1:23:18]} 7. Qb3 {[%clk 1:25:30]} Qb6
{[%clk 0:59:48]} 8. c5 {[%clk 1:25:55]} Qxb3 {[%clk 0:56:12]} 9. axb3
{[%clk 1:26:23]} a6 {[%clk 0:56:32]} 10. b4 {[%clk 1:26:26]} Ngf6
{[%clk 0:51:26]} 11. Nc3 {[%clk 1:26:24]} Rc8 {[%clk 0:51:40]} 12. Nd2
{[%clk 1:19:04]} Be7 {[%clk 0:51:55]} 13. Nb3 {[%clk 1:17:51]} Bd8
{[%clk 0:51:58]} 14. Na5 {[%clk 1:15:42]} Bxa5 {[%clk 0:50:29]} 15. bxa5
{[%clk 1:15:57]} g5 {[%clk 0:32:24]} 16. Ra4 {[%clk 1:08:50]} Kd8
{[%clk 0:32:35]} 17. Rb4 {[%clk 1:08:38]} Kc7 {[%clk 0:30:41]} 18. f3
{[%clk 1:08:25]} Rcd8 {[%clk 0:24:00]} 19. e4 {[%clk 1:06:35]} Bg6
{[%clk 0:24:11]} 20. h4 {[%clk 0:46:30]} gxh4 {[%clk 0:20:01]} 21. Bf4+
{[%clk 0:46:40]} Kc8 {[%clk 0:14:11]} 22. gxh4 {[%clk 0:47:05]} Ne8
{[%clk 0:03:36]} 23. exd5 {[%clk 0:44:39]} exd5 {[%clk 0:03:11]} 24. Re1
{[%clk 0:44:37]} Ng7 {[%clk 0:02:42]} 25. Nxd5 {[%clk 0:42:39]} cxd5
{[%clk 0:02:47]} 26. c6 {[%clk 0:42:59]} bxc6 {[%clk 0:02:34]} 27. Bf1
{[%clk 0:43:07]} Rde8 {[%clk 0:01:59]} 28. Rc1 {[%clk 0:39:50]} Re6
{[%clk 0:01:34]} 29. Bxa6+ {[%clk 0:39:58]} Kd8 {[%clk 0:02:03]} 30. Bb7
{[%clk 0:38:09]} Nh5 {[%clk 0:00:46]} 31. Bh2 {[%clk 0:38:06]} Bd3
{[%clk 0:00:43]} 32. a6 {[%clk 0:28:03]} Rg8+ {[%clk 0:01:05]} 33. Kh1
{[%clk 0:28:33]} Bxa6 {[%clk 0:01:12]} 34. Bxa6 {[%clk 0:28:53]} Ng3+
{[%clk 0:01:38]} 35. Bxg3 {[%clk 0:28:07]} Rxg3 {[%clk 0:02:07]} 36. Rb3
{[%clk 0:27:39]} Rh3+ {[%clk 0:02:24]} 37. Kg2 {[%clk 0:28:08]} Rxh4
{[%clk 0:02:52]} 38. Rd1 {[%clk 0:20:40]} Rg6+ {[%clk 0:00:44]} 39. Kf2
{[%clk 0:21:02]} Rh2+ {[%clk 0:00:33]} 40. Ke3 {[%clk 0:21:31]} Re6+
{[%clk 0:00:34]} 41. Kf4 {[%clk 0:21:58]} Rg2 {[%clk 0:00:56]} 42. Bd3
{[%clk 0:21:46]} Rg5 {[%clk 0:00:48]} 43. Rh1 {[%clk 0:22:04]} Rf6+
{[%clk 0:01:10]} 44. Ke3 {[%clk 0:22:33]} Kc7 {[%clk 0:01:21]} 45. Kf2
{[%clk 0:22:16]} Rg8 {[%clk 0:00:33]} 46. Ra1 {[%clk 0:22:01]} Kd6
{[%clk 0:00:32]} 47. Ra7 {[%clk 0:22:17]} h5 {[%clk 0:00:32]} 48. Rbb7
{[%clk 0:22:22]} Rd8 {[%clk 0:00:38]} 49. b4 {[%clk 0:22:51]} Ke7
{[%clk 0:00:33]} 50. b5 {[%clk 0:23:07]} cxb5 {[%clk 0:00:36]} 51. Bxb5
{[%clk 0:22:45]} Rd6 {[%clk 0:01:03]} 52. Kg3 {[%clk 0:23:08]} Ke6
{[%clk 0:01:08]} 53. Kh4 {[%clk 0:23:22]} Nf6 {[%clk 0:01:26]} 54. Kg5
{[%clk 0:21:17]} Nh7+ {[%clk 0:00:34]} 55. Kf4 {[%clk 0:21:43]} Nf8
{[%clk 0:00:32]} 56. Re7+ {[%clk 0:21:57]} Kf6 {[%clk 0:00:56]} 57. Rxf7+ 1-0

[Event "EYCC 2024 - O16"]
[Site "?"]
[Date "2024.08.24"]
[Round "3.11"]
[White "Smeets, Kobe"]
[Black "Oruzinsky, Juraj"]
[Result "1/2-1/2"]
[BlackElo "2166"]
[WhiteElo "2322"]
[LiveChessVersion "1.4.8"]

1. e4 {[%clk 1:30:58]} c5 {[%clk 1:30:46]} 2. Nf3 {[%clk 1:31:23]} Nc6
{[%clk 1:31:07]} 3. d4 {[%clk 1:31:46]} cxd4 {[%clk 1:31:32]} 4. Nxd4
{[%clk 1:32:12]} Nf6 {[%clk 1:31:42]} 5. Nc3 {[%clk 1:32:34]} e5 {[%clk 1:31:55]}
6. Ndb5 {[%clk 1:32:58]} d6 {[%clk 1:32:19]} 7. Bg5 {[%clk 1:32:47]} a6
{[%clk 1:32:43]} 8. Na3 {[%clk 1:32:31]} Be6 {[%clk 1:33:01]} 9. Nc4
{[%clk 1:32:27]} Rb8 {[%clk 1:33:18]} 10. a4 {[%clk 1:32:10]} Nb4
{[%clk 1:33:31]} 11. Be2 {[%clk 1:22:48]} d5 {[%clk 1:11:07]} 12. exd5
{[%clk 1:19:01]} Nbxd5 {[%clk 1:11:25]} 13. Nxd5 {[%clk 1:15:59]} Qxd5
{[%clk 1:09:18]} 14. Qxd5 {[%clk 1:03:52]} Nxd5 {[%clk 1:06:09]} 15. Rd1
{[%clk 0:54:39]} f6 {[%clk 1:03:31]} 16. Bh5+ {[%clk 0:49:32]} Ke7
{[%clk 0:50:49]} 17. Bc1 {[%clk 0:49:56]} Nc3 {[%clk 0:40:02]} 18. bxc3
{[%clk 0:50:19]} Bxc4 {[%clk 0:40:27]} 19. f4 {[%clk 0:50:33]} Ke6
{[%clk 0:22:49]} 20. fxe5 {[%clk 0:50:22]} Bc5 {[%clk 0:19:53]} 21. Bg4+
{[%clk 0:35:48]} Kxe5 {[%clk 0:12:36]} 22. Rd7 {[%clk 0:33:33]} Rbd8
{[%clk 0:09:37]} 23. Rxg7 {[%clk 0:22:16]} f5 {[%clk 0:05:20]} 24. Bh5
{[%clk 0:19:56]} Kf6 {[%clk 0:04:24]} 25. Rg3 {[%clk 0:17:44]} Rhg8
{[%clk 0:03:00]} 26. Rxg8 {[%clk 0:06:27]} Rxg8 {[%clk 0:03:28]} 27. Bf3
{[%clk 0:06:39]} Re8+ {[%clk 0:03:34]} 28. Kd1 {[%clk 0:07:03]} Rd8+
{[%clk 0:03:41]} 29. Ke1 {[%clk 0:07:28]} Re8+ {[%clk 0:02:40]} 1/2-1/2

[Event "EYCC 2024 - O16"]
[Site "?"]
[Date "2024.08.24"]
[Round "3.12"]
[White "Medhus, Vitus Bondo"]
[Black "Navoyan, Gagik"]
[Result "1-0"]
[BlackElo "2125"]
[WhiteElo "2310"]
[LiveChessVersion "1.4.8"]

1. e4 {[%clk 1:30:57]} e5 {[%clk 1:30:55]} 2. Nf3 {[%clk 1:31:22]} Nc6
{[%clk 1:31:21]} 3. Bb5 {[%clk 1:31:47]} a6 {[%clk 1:31:36]} 4. Ba4
{[%clk 1:32:11]} Nf6 {[%clk 1:31:52]} 5. O-O {[%clk 1:32:27]} Be7
{[%clk 1:32:18]} 6. Re1 {[%clk 1:32:45]} b5 {[%clk 1:32:42]} 7. Bb3
{[%clk 1:33:09]} O-O {[%clk 1:32:54]} 8. c3 {[%clk 1:33:19]} d6 {[%clk 1:32:45]}
9. h3 {[%clk 1:33:36]} Na5 {[%clk 1:33:10]} 10. Bc2 {[%clk 1:33:58]} c5
{[%clk 1:33:37]} 11. d4 {[%clk 1:34:10]} Qc7 {[%clk 1:34:00]} 12. Nbd2
{[%clk 1:34:24]} cxd4 {[%clk 1:34:09]} 13. cxd4 {[%clk 1:34:46]} Nc6
{[%clk 1:34:27]} 14. Nb3 {[%clk 1:33:24]} a5 {[%clk 1:33:56]} 15. d5
{[%clk 1:26:22]} Nb4 {[%clk 1:34:05]} 16. Bb1 {[%clk 1:26:32]} a4
{[%clk 1:33:36]} 17. Nbd2 {[%clk 1:24:42]} Bd7 {[%clk 1:31:52]} 18. a3
{[%clk 1:18:26]} Na6 {[%clk 1:32:15]} 19. b4 {[%clk 1:18:14]} axb3
{[%clk 1:29:58]} 20. Nxb3 {[%clk 1:18:34]} b4 {[%clk 1:27:57]} 21. Bd3
{[%clk 1:09:18]} Ba4 {[%clk 0:55:09]} 22. Bxa6 {[%clk 1:03:42]} Rxa6
{[%clk 0:54:52]} 23. Qd3 {[%clk 1:00:42]} Raa8 {[%clk 0:54:23]} 24. axb4
{[%clk 0:53:45]} Bxb3 {[%clk 0:54:42]} 25. Rxa8 {[%clk 0:54:08]} Rxa8
{[%clk 0:55:06]} 26. Qxb3 {[%clk 0:54:26]} Nxe4 {[%clk 0:55:14]} 27. Rxe4
{[%clk 0:54:16]} Qxc1+ {[%clk 0:55:37]} 28. Re1 {[%clk 0:54:09]} Qc7
{[%clk 0:54:18]} 29. b5 {[%clk 0:40:49]} Rb8 {[%clk 0:54:09]} 30. Rb1
{[%clk 0:40:41]} Qa5 {[%clk 0:50:36]} 31. b6 {[%clk 0:36:09]} Rb7
{[%clk 0:45:30]} 32. Rb2 {[%clk 0:36:20]} g6 {[%clk 0:37:18]} 33. Nd2
{[%clk 0:34:06]} Bg5 {[%clk 0:34:32]} 34. Nc4 {[%clk 0:27:43]} Qxd5
{[%clk 0:32:53]} 35. Qa4 {[%clk 0:24:34]} Kg7 {[%clk 0:22:05]} 36. Na5
{[%clk 0:22:21]} Qc5 {[%clk 0:21:23]} 37. Qb5 {[%clk 0:21:07]} Qc1+
{[%clk 0:18:21]} 38. Kh2 {[%clk 0:21:32]} Rb8 {[%clk 0:17:12]} 39. b7
{[%clk 0:18:23]} d5 {[%clk 0:12:23]} 40. Nc6 {[%clk 0:16:22]} e4 {[%clk 0:11:56]}
41. g3 {[%clk 0:15:04]} Bf4 {[%clk 0:10:21]} 42. Rb1 {[%clk 0:10:24]} Bxg3+
{[%clk 0:08:46]} 43. fxg3 {[%clk 0:09:45]} Qd2+ {[%clk 0:08:43]} 44. Kh1
{[%clk 0:09:48]} Qe3 {[%clk 0:09:03]} 45. Qb2+ {[%clk 0:10:00]} 1-0

[Event "EYCC 2024 - O16"]
[Site "?"]
[Date "2024.08.24"]
[Round "3.13"]
[White "Vagman, Roy"]
[Black "Hartofylakas, Spyros"]
[Result "1-0"]
[BlackElo "2117"]
[WhiteElo "2302"]
[LiveChessVersion "1.4.8"]

1. e4 {[%clk 1:30:56]} e5 {[%clk 1:30:46]} 2. Nf3 {[%clk 1:31:19]} Nc6
{[%clk 1:31:14]} 3. Bb5 {[%clk 1:31:42]} a6 {[%clk 1:31:41]} 4. Ba4
{[%clk 1:32:06]} Nge7 {[%clk 1:31:17]} 5. Nc3 {[%clk 1:27:19]} d6
{[%clk 1:30:40]} 6. h3 {[%clk 1:23:40]} g6 {[%clk 1:25:01]} 7. d4
{[%clk 1:21:11]} b5 {[%clk 1:19:57]} 8. Bb3 {[%clk 1:21:08]} Bg7 {[%clk 1:16:23]}
9. dxe5 {[%clk 1:16:06]} Nxe5 {[%clk 1:16:47]} 10. Bg5 {[%clk 1:01:29]} h6
{[%clk 1:14:45]} 11. Be3 {[%clk 1:00:15]} c5 {[%clk 1:06:27]} 12. Nd5
{[%clk 0:48:04]} Rb8 {[%clk 1:00:58]} 13. Nxe5 {[%clk 0:47:06]} Bxe5
{[%clk 0:59:48]} 14. c3 {[%clk 0:47:05]} c4 {[%clk 0:49:37]} 15. Bc2
{[%clk 0:46:40]} Nxd5 {[%clk 0:49:54]} 16. Qxd5 {[%clk 0:46:36]} Be6
{[%clk 0:42:17]} 17. Qd2 {[%clk 0:43:54]} b4 {[%clk 0:40:24]} 18. cxb4
{[%clk 0:37:03]} Qf6 {[%clk 0:36:36]} 19. O-O {[%clk 0:29:48]} g5
{[%clk 0:36:23]} 20. Rad1 {[%clk 0:28:20]} Ke7 {[%clk 0:34:49]} 21. a3
{[%clk 0:25:46]} Rhg8 {[%clk 0:32:09]} 22. f3 {[%clk 0:18:07]} h5
{[%clk 0:32:29]} 23. Ba4 {[%clk 0:17:20]} Qg6 {[%clk 0:23:26]} 24. Bd4
{[%clk 0:15:55]} Bf4 {[%clk 0:23:45]} 25. Qe2 {[%clk 0:14:40]} f6
{[%clk 0:21:23]} 26. Bc6 {[%clk 0:13:39]} Kf7 {[%clk 0:18:05]} 27. Bc3
{[%clk 0:12:46]} g4 {[%clk 0:14:21]} 28. fxg4 {[%clk 0:12:29]} Qg5
{[%clk 0:14:45]} 29. Bd5 {[%clk 0:08:34]} Rbe8 {[%clk 0:15:08]} 30. Bxe6+
{[%clk 0:05:24]} Rxe6 {[%clk 0:15:37]} 31. Qxc4 {[%clk 0:03:53]} hxg4
{[%clk 0:15:41]} 32. Rd5 {[%clk 0:03:21]} Be5 {[%clk 0:14:08]} 33. Bxe5
{[%clk 0:02:40]} gxh3 {[%clk 0:14:26]} 34. Rxf6+ {[%clk 0:02:25]} Rxf6
{[%clk 0:11:06]} 35. Rxd6+ {[%clk 0:02:49]} 1-0